LEADER 00634nab a2200145 i 4500 001 000000311190 003 CaOOAMICUS 005 20180831173028.0 008 180831n xx uu u0 0und r 013 $a20278 040 $aSeMil$bita 100 1 $aRotta, Paolo,$c.$0(OLS)http://semarc/name/89556 245 10$aUn?idea di Pietro D?Ailly ed il Concilio di Costanza. (Studio storicofilosofico sopra i secoli XI-XV) 773 0 $t[Luglio-Dicembre].$g20-40,282-301$w()274044 996 $6245$aUn?idea di Pietro D?Ailly ed il Concilio di Costanza. (Studio storicofilosofico sopra i secoli XI-XV)$9(OLS)http://semarc/title/385833 LEADER 00840nam a2200193 i 4500 001 000000239814 003 CaOOAMICUS 005 20150319000000.0 008 150319s1773 it u000 u fre u 013 $a218719 026 $ae.er t.du e.t- aule (3) 1773 (R) 040 $aSeMil$bita 245 10$aTome 1. 300 $a[4], xxiv, 428 p. 500 $aSegn. : pgr2 a12 A-R12 S10. 773 0 $aBayle, Pierre <1647-1706>$tAnalyse raisonnée de Bayle, ou Abrégé méthodique de ses ouvrages, particulierement de son Dictionnaire historique et critique, dont les remarques ont ete fondues dans le texte, pour former un corps ... Tome 1. [-8.].$dA Londres : [s.n.], 1773.$g1$w()31596 850 $aSeMil 852 $aSeMil$W1$xVenegono$y1$m3E I 92 FA$j190160$B190160$CSeMilBibl$Z2$F201009 $8I 996 $6245$aTome 1$9(OLS)http://semarc/title/1447